[Event "FICGS class E 000019 email"]
[Site "FICGS email"]
[Date "2006.10.25"]
[Round "1"]
[White "Caburro, John"]
[Black "Vladimirov, Dimitar"]
[Result "1-0"]
[WhiteElo "1400"]
[BlackElo "1600"]
[PlyCount "55"]
[EventDate "2006.??.??"]
[EventType "tourn (corr)"]
[EventRounds "5"]
[SourceTitle "Corr 2022"]
[Source "ChessBase"]
[SourceDate "2021.10.24"]
[SourceVersion "1"]
[SourceVersionDate "2021.10.24"]
[SourceQuality "1"]

1. d4 d5 2. Nc3 Nf6 3. Bg5 e6 4. e3 Be7 5. f4 0-0 6. Nf3 Nbd7 7. Qd2 Nb6 8. 0-0-0 a5 9. Ne5 c5 10. g4 c4 11. h4 Bd7 12. h5 h6 13. Bh4 Na4 14. Bxf6 Bxf6 15. Nxa4 Bxa4 16. Be2 Rb8 17. Rdg1 Qd6 18. g5 hxg5 19. fxg5 Bxe5 20. dxe5 Qxe5 21. g6 fxg6 22. hxg6 Rf6 23. Rh5 Qe4 24. Rgh1 Kf8 25. b3 Be8 26. Qxa5 Bxg6 27. Rh8+ Ke7 28. Qc7# 1-0

[Event "FICGS class E 000019 email"]
[Site "FICGS email"]
[Date "2006.10.25"]
[Round "1"]
[White "Sabicas, Eli"]
[Black "Vladimirov, Dimitar"]
[Result "0-1"]
[WhiteElo "1200"]
[BlackElo "1600"]
[PlyCount "24"]
[EventDate "2006.??.??"]
[EventType "tourn (corr)"]
[EventRounds "5"]
[SourceTitle "Corr 2022"]
[Source "ChessBase"]
[SourceDate "2021.10.24"]
[SourceVersion "1"]
[SourceVersionDate "2021.10.24"]
[SourceQuality "1"]

1. e4 e5 2. f4 exf4 3. Nf3 Bc5 4. d4 Bb6 5. Bxf4 Nf6 6. Nc3 0-0 7. Bd3 d6 8. 0-0 Bg4 9. Be2 Re8 10. Qd3 Nc6 11. Nd5 Bxf3 12. Nxf6+ Qxf6 0-1

[Event "FICGS class E 000019 email"]
[Site "FICGS email"]
[Date "2006.10.25"]
[Round "1"]
[White "Vladimirov, Dimitar"]
[Black "Core, Richard"]
[Result "0-1"]
[WhiteElo "1600"]
[BlackElo "1451"]
[PlyCount "32"]
[EventDate "2006.??.??"]
[EventType "tourn (corr)"]
[EventRounds "5"]
[SourceTitle "Corr 2022"]
[Source "ChessBase"]
[SourceDate "2021.10.24"]
[SourceVersion "1"]
[SourceVersionDate "2021.10.24"]
[SourceQuality "1"]

1. e4 b6 2. Bc4 e6 3. d4 Qf6 4. Nf3 Bb4+ 5. c3 Be7 6. 0-0 d5 7. exd5 Nd7 8. dxe6 fxe6 9. Re1 Nf8 10. d5 h6 11. Nbd2 Bd7 12. Ne4 Qg6 13. Ne5 Qf5 14. Nxd7 Kxd7 15. dxe6+ Kc8 16. Bd5 Nf6 0-1

[Event "FICGS class D 000015 email"]
[Site "FICGS email"]
[Date "2006.10.23"]
[Round "1"]
[White "Vladimirov, Dimitar"]
[Black "Lloyd, Dan"]
[Result "0-1"]
[WhiteElo "1600"]
[BlackElo "1400"]
[PlyCount "40"]
[EventDate "2006.??.??"]
[EventType "tourn (corr)"]
[EventRounds "6"]
[SourceTitle "Corr 2022"]
[Source "ChessBase"]
[SourceDate "2021.10.24"]
[SourceVersion "1"]
[SourceVersionDate "2021.10.24"]
[SourceQuality "1"]

1. e4 e5 2. Nf3 d6 3. Bc4 Bg4 4. c3 Bxf3 5. Qxf3 Nf6 6. 0-0 Be7 7. d4 exd4 8. cxd4 0-0 9. Bg5 Nfd7 10. Be3 c6 11. Bd3 Bf6 12. Re1 Bg5 13. Qh3 Bxe3 14. Rxe3 g6 15. f4 Qf6 16. f5 d5 17. fxg6 fxg6 18. e5 Qf2+ 19. Kh1 Qf1+ 20. Bxf1 Rxf1# 0-1

[Event "FICGS class D 000014 email"]
[Site "FICGS email"]
[Date "2006.10.16"]
[Round "1"]
[White "Acre, John"]
[Black "Vladimirov, Dimitar"]
[Result "0-1"]
[WhiteElo "1500"]
[BlackElo "1600"]
[PlyCount "62"]
[EventDate "2006.??.??"]
[EventType "tourn (corr)"]
[EventRounds "6"]
[SourceTitle "Corr 2022"]
[Source "ChessBase"]
[SourceDate "2021.10.24"]
[SourceVersion "1"]
[SourceVersionDate "2021.10.24"]
[SourceQuality "1"]

1. d4 d5 2. Bg5 Nf6 3. Bxf6 exf6 4. e3 Bd6 5. g3 0-0 6. Bg2 c6 7. Ne2 Bf5 8. 0-0 Nd7 9. Nd2 Bg6 10. c4 dxc4 11. Nxc4 Bc7 12. Qb3 a5 13. Qxb7 Bd3 14. Qxc6 Bxe2 15. Rfe1 Bxc4 16. Qxa8 Nb6 17. Qxa5 Bd5 18. Bxd5 Nxd5 19. Qa4 Qd6 20. Rac1 Rb8 21. Qc6 Qxc6 22. Rxc6 h6 23. Rc5 Rd8 24. e4 Bxg3 25. Rxd5 Rxd5 26. exd5 Bd6 27. a4 Kf8 28. a5 Bb8 29. a6 f5 30. d6 Bxd6 31. a7 g5 0-1

[Event "FICGS class D 000014 email"]
[Site "FICGS email"]
[Date "2006.10.16"]
[Round "1"]
[White "Vladimirov, Dimitar"]
[Black "Hensen, Erik"]
[Result "0-1"]
[WhiteElo "1600"]
[BlackElo "1700"]
[PlyCount "68"]
[EventDate "2006.??.??"]
[EventType "tourn (corr)"]
[EventRounds "6"]
[SourceTitle "Corr 2022"]
[Source "ChessBase"]
[SourceDate "2021.10.24"]
[SourceVersion "1"]
[SourceVersionDate "2021.10.24"]
[SourceQuality "1"]

1. e4 c5 2. Nf3 d6 3. Bc4 e6 4. Nc3 Nf6 5. 0-0 Be7 6. d4 cxd4 7. Nxd4 a6 8. Re1 0-0 9. e5 dxe5 10. Rxe5 Qc7 11. Qe2 Bd6 12. Re3 Bxh2+ 13. Kh1 Bf4 14. Rh3 Bxc1 15. Rxc1 e5 16. Nd5 Nxd5 17. Rxh7 Kxh7 18. Qh5+ Kg8 19. Bd3 Nf6 20. Nf3 Nxh5 21. Re1 Nc6 22. Re4 Nf4 23. Bf1 Bf5 24. Rc4 Rad8 25. g3 Ng6 26. Bg2 Rd1+ 27. Kh2 Qb6 28. Rxc6 bxc6 29. Ng1 Qxf2 30. Nf3 Be4 31. Nh4 Nxh4 32. Kh3 Nxg2 33. c4 Rh1+ 34. Kg4 Qf5# 0-1